|
|
|
|
| LEADER |
00000nam a2200000 a 4500 |
| 001 |
vtls011844335 |
| 003 |
SK-MaSNL |
| 005 |
20260301100942.0 |
| 008 |
251112 1760 au 001 0 ger |
| 015 |
|
|
|a SNBHFA1760
|
| 020 |
|
|
|q (viaz.)
|
| 040 |
|
|
|a SNKHF
|b slo
|c SNK
|e AACR2
|
| 041 |
1 |
|
|a ger
|h swe
|
| 044 |
|
|
|a au
|c AT
|
| 072 |
|
7 |
|a 622
|x Baníctvo
|2 konspekt
|
| 080 |
|
|
|a 622
|2 2011
|
| 080 |
|
|
|a 669
|2 2011
|
| 100 |
1 |
|
|a Rinmann, Sven,
|d 1720 - 1792
|4 aut
|9 356972
|
| 245 |
1 |
0 |
|a Anleitung zur Kentniß der gröbern Eisen und Stahlveredlung und deren Verbesserung
|c Von Sven Rinman, Ritter des königl. Wasa-Ordens, und Directeur bey den Schwarzschmieden. Aus dem Schwedischen übersetzt
|
| 260 |
|
|
|a Wien
|b verlegts Christian Friedrich Wappler
|c 1760
|
| 300 |
|
|
|a [22], 346 strán
|c 8°
|c 21 cm
|
| 500 |
|
|
|a Vinety, vlys, ozdobné iniciálky 2 riadky, kustody
|
| 508 |
|
|
|a Predslov
|
| 510 |
4 |
|
|a VD18 11363886
|
| 546 |
|
|
|a Nemčina
|b Fraktúra
|
| 561 |
|
|
|a Z knižnice Učenej spoločnosti malohontskej.
|5 SNK IC 144573
|
| 563 |
|
|
|a Väzba: papierová.
|5 SNK IC 144573
|
| 650 |
0 |
7 |
|a baníctvo
|2 SNKPH
|9 3571
|
| 650 |
0 |
7 |
|a metalurgia
|2 SNKPH
|9 941
|
| 700 |
1 |
|
|a Wappler, Christian Friedrich,
|d 1741-1807
|4 prt
|9 372959
|
| 710 |
2 |
|
|a Učená spoločnosť malohontská
|4 fmo
|9 205374
|
| 710 |
0 |
|
|a Wappler, Christian Friedrich (Viedeň, Rakúsko),
|d 1781-1807
|4 prt
|9 364388
|
| 752 |
|
|
|a Rakúsko
|d Viedeň
|
| 852 |
|
|
|a snk
|b Historické fondy
|p IC 144573
|
| 999 |
|
|
|c 687838
|d 689768
|
| 952 |
|
|
|t MHC 1715
|a SNK
|b SNK
|c SNK_HF
|y PREZ
|7 0
|p 17A1354558
|o snkIC 144573
|i snk2019/6034
|8 5
|0 0
|1 0
|4 0
|d 2019-03-06
|l 0
|r 2026-02-23 20:17:36
|w 2026-02-23
|